English County Flags #2 - Statistics

General Stats
  • This quiz has been taken 12 times
  • The average score is 8 of 16
Answer Stats
Picture Answer % Correct
Lancashire
90%
Gloucestershire
60%
Herefordshire
60%
North Yorkshire
60%
Somerset
60%
City of Bristol
50%
Derbyshire
50%
Northamptonshire
50%
Oxfordshire
50%
Tyne and Wear
50%
Isle of Wight
40%
Merseyside
40%
Cheshire
30%
Hertfordshire
30%
Staffordshire
30%
Warwickshire
30%
No matching quizzes found
Score Distribution
Percent of People with Each Score
Percentile by Number Answered
Your Score History
You have not taken this quiz